I love dirt! : 52 activities to help you and your ... Read More
Available copies
- 2 of 2 copies available at LARL/NWRL Consortium.
- 2 of 2 copies available at Lake Agassiz Regional Library. (Show preferred library)
Current holds
0 current holds with 2 total copies.
Show Only Available Copies
| Location | Call Number / Copy Notes | Barcode | Shelving Location | Status | Due Date |
|---|---|---|---|---|---|
| Ada Public Library | 796.083 WAR (Text) | 33500009679507 | Main | Available | - |
| Crookston Public Library | 796.083 WAR (Text) | 33500009679523 | Main | Available | - |
Record details
- ISBN: 9781590305355 (pbk. : alk. paper)
- ISBN: 1590305353 (pbk. : alk. paper)
- Physical Description: xviii, 153 p. : ill. ; 19 cm.
- Edition: 1st ed.
- Publisher: Boston : Trumpeter, 2008.
Content descriptions
| Bibliography, etc. Note: | Includes bibliographical references (p. 147-149). |
Search for related items by subject
| Subject: | Outdoor recreation for children Children and the environment Nature study > Activity programs. |
| LDR | 01490pam a22003494a 4500 | ||
|---|---|---|---|
| 001 | 89075 | ||
| 003 | LARL_NWRL_CONSORTIUM | ||
| 005 | 20080521123545.0 | ||
| 008 | 070719s2008 maua b 000 0 eng | ||
| 010 | . | ‡a2007029744 | |
| 015 | . | ‡aGBA849048 ‡2bnb | |
| 016 | 7 | . | ‡a014567909 ‡2Uk |
| 020 | . | ‡a9781590305355 (pbk. : alk. paper) | |
| 020 | . | ‡a1590305353 (pbk. : alk. paper) | |
| 035 | . | ‡a(OCoLC)154705247 | |
| 040 | . | ‡aDLC ‡cDLC ‡dYDX ‡dBTCTA ‡dBAKER ‡dUKM ‡dYDXCP ‡dIH5 | |
| 082 | 0 | 0. | ‡a796.083 ‡222 |
| 100 | 1 | . | ‡aWard, Jennifer, ‡d1963- ‡0(LARL_NWRL_CONSORTIUM)125253 |
| 245 | 1 | 0. | ‡aI love dirt! : ‡b52 activities to help you and your kids discover the wonders of nature / ‡cJennifer Ward ; foreword by Richard Louv ; illustrations by Susie Ghahremani. |
| 250 | . | ‡a1st ed. | |
| 260 | . | ‡aBoston : ‡bTrumpeter, ‡c2008. | |
| 300 | . | ‡axviii, 153 p. : ‡bill. ; ‡c19 cm. | |
| 504 | . | ‡aIncludes bibliographical references (p. 147-149). | |
| 650 | 0. | ‡aOutdoor recreation for children ‡0(LARL_NWRL_CONSORTIUM)27371 | |
| 650 | 0. | ‡aChildren and the environment ‡0(LARL_NWRL_CONSORTIUM)19507 | |
| 650 | 0. | ‡aNature study ‡xActivity programs. ‡0(LARL_NWRL_CONSORTIUM)37092 | |
| 901 | . | ‡a89075 ‡bOCLC ‡c89075 ‡tbiblio | |

Add to basket
Permalink
Disable Highlighting